000 00221 a2200097 4500
001 53029
100 _aRutherford W
245 _aRommel:Biography of F M Erwin
260 _aM K
_bHamlyan Books
_c
090 _c33347
_d33347
942 _aNUST-CAE
_cM
_c25944
999 _c288102
_d288102